000 00274nam a22001217a 4500
008 180522b xxu||||| |||| 00| 0 eng d
041 _aeng
080 _a043.3
100 _a0
101 _aARK-BTH
245 _aMuze Arkeologjike & Etnografik
_cMustafa,K
942 _2udc
_cBK
999 _c46146
_d46146